| 000 | 00718nam a2200205 i 4500 | ||
|---|---|---|---|
| 001 | 32846 | ||
| 003 | ES-MaACL | ||
| 005 | 20251003195624.0 | ||
| 007 | t| | ||
| 008 | 030131m19401949sp ||||1| spa d | ||
| 100 | 1 |
_aBermejo de la Rica, Antonio. _928102 |
|
| 245 | 1 | 3 |
_aEl triste destino de Enrique IV y la Beltraneja / _cAntonio Bermejo de la Rica. |
| 260 |
_aMadrid : _bLepanto, _c[194-?] |
||
| 300 |
_a260 p., 16 lám. ; _c22 cm. |
||
| 600 | 0 | 7 |
_aEnrique, _bIV, _cRey de Castilla _2 _9150161 |
| 600 | 0 | 4 |
_aTrastámara, Juana de _cInfanta de Castilla. _9111241 |
| 651 | 4 |
_aCastilla (Reino)- _xHistoria- _y1454-1474, Enrique IV _97991 |
|
| 852 |
_aES-MaACL _jC-5390 _bR.25657 |
||
| 999 |
_c32846 _d32846 |
||